Tree planting practices in temperate Asia : Burma - India - Pakistan

Bibliographic Details
Main Author: SURI
Corporate Author: Food and Agriculture Organization of the United Nations (FAO)
Other Authors: Seth
Format: Book
Published: Rome : Food and Agriculture Organization of the United Nations , 1959
Edition:Rev. ed.
Series:FAO forestry development paper; n. 14
Subjects:

MARC

LEADER 00000cam a2200000 7i4500
001 0000001658
005 20011001.0
090 0 0 |a 634.956   |b SUR 1959 
100 1 0 |a SURI   |h P. N. 
245 1 0 |a Tree planting practices in temperate Asia :   |b Burma - India - Pakistan 
250 0 0 |a Rev. ed. 
260 0 0 |a Rome :   |b Food and Agriculture Organization of the United Nations ,   |c 1959 
300 |a ix, 150 p. :   |b ill. ;   |c 24 cm. 
440 0 0 |a FAO forestry development paper; n. 14 
500 0 0 |a Biliography : p. 149-(150) 
650 0 0 |a Forest nurseries 
650 0 0 |a Tree planting 
700 0 1 |a Seth   |h Shiam Kishore 
710 1 1 |a Food and Agriculture Organization of the United Nations (FAO) 
998 |a JPSM 
999 |a 0000002686   |b Monograph   |c Open Shelf   |e Default branch